000 00355nam a2200133Ia 4500
008 220204s9999 xx 000 0 und d
082 _a624
_bDUT
100 _aDutta, B N
245 0 _aEstimating and costing in civil engineering: Theory and practice
250 _aEd.15
260 _aLucknow
_bS Dutta
_c1959
650 _aCivil engineering
942 _cBK
999 _c31464
_d31464